|
|
|
|
| LEADER |
00000nam a22000007a 4500 |
| 005 |
20140425205328.0 |
| 007 |
cr|||| |||| |
| 008 |
140425s2009 ar |||||s|||| 00||0 spa d |
| 035 |
|
|
|a 12028
|
| 040 |
|
|
|a vLex
|
| 090 |
|
|
|c 4849
|d 4849
|
| 100 |
1 |
|
|a Carranza Torres, Luis R.
|
| 245 |
1 |
0 |
|a Derecho del Consumidor: Derechos y acciones de resguardo de los consumidores y usuarios
|h [Recurso electrn̤ico] /
|c Luis R. Carranza Torres, Jorge Oscar Rossi
|
| 256 |
|
|
|a Servicio en ln̕ea
|
| 260 |
|
|
|a Cr̤doba:
|b Alveroni Ediciones,
|c 2009
|
| 300 |
|
|
|a 1 recurso electrn̤ico
|
| 506 |
1 |
|
|a Disponible solo en los productos indicados
|d vLex Global
|d vLex Global (Academic Edition, excluding Law Schools)
|d vLex Global (U.S. Academic Edition, Law Schools)
|d vLex Global (U.S. Academic Edition, excluding Law Schools)
|d vLex Global (Academic Edition, Law Schools)
|
| 650 |
0 |
4 |
|a Consumidores Usuarios
|z Mx̌ico
|
| 700 |
1 |
|
|a Rossi, Jorge Oscar
|
| 740 |
0 |
|
|a vLex Libros (Servicio en ln̕ea)
|
| 856 |
4 |
0 |
|u http://vlex.com/source/derecho-consumidor-derechos-acciones-resguardo-consumidores-usuarios-12028
|z Acceso restringido
|
| 942 |
|
|
|c BOOK
|
| 999 |
0 |
|
|a Consumer Users
|